| 000 | 00341nam a2200145Ia 4500 | ||
|---|---|---|---|
| 008 | 200615s9999||||xx |||||||||||||| ||und|| | ||
| 020 | _a8172693946 | ||
| 082 |
_a650 _bBUS-B |
||
| 100 | _aBHATIA,S.K | ||
| 245 | 0 | _aBUSINESS ETHICS AND MANAGERIAL VALUES | |
| 250 | _a1ST | ||
| 260 |
_bDEEP PUBLICATION _c2006 |
||
| 300 | _a480 | ||
| 942 | _cBK | ||
| 999 |
_c26447 _d26447 |
||